Culture Générale - Série 720 - Statistiques

Statistiques générales
  • Ce quiz a été pris 139 fois
  • Le résultat moyen est 5 sur 10
Statistiques - réponses
Question Réponse % Correct
Quelle est la seconde orthographe du mot "clef" ? clé
97%
Quelle grande ville bolivienne porte un nom qui signifie : "la paix" en français ? La Paz
89%
Complétez le titre du film réalisé en 1968 par Sergio Leone "Il était une fois ... dans l'ouest
78%
Outre le Costa-Rica, avec quel autre pays le Panama a-t-il une frontière terrestre ? Colombie
53%
Complétez le titre du roman de Georges Bernanos "Le journal d'un ... curé de campagne
44%
Quel compositeur italien a écrit l'opéra : "Don Carlos" en 1867 ? Giuseppe Verdi
41%
Quel président de la IIIe République a succédé à Paul Doumer en 1932 ? Albert Lebrun
28%
Quelle était la nationalité du compositeur Jean Sibelius ? Finlandaise
16%
Quel compositeur britannique, d'origine allemande, a écrit l'oratorio : "Israël en Égypte", en 1738 ? Georg Friedrich Haendel
12%
Qui était président de la République autrichienne de 1986 à 1992 ? Kurt Waldheim
8%
Aucun quiz correspondant
Distribution des résultats
% des personnes avec chaque résultat
Percentile par nombre de réponses
Votre historique - résultats
Vous n’avez pas pris ce quiz